| 000 | 00520nam a2200193Ia 4500 | ||
|---|---|---|---|
| 003 | GCL | ||
| 008 | 140319s9999 xx 000 0 eng d | ||
| 040 |
_aGCL / _cGCL |
||
| 082 | 0 | 4 |
_a618.2 _bS C |
| 100 | 1 | _aSHAVER, DAVID C. | |
| 245 | 1 | 0 |
_aCLINICAL MANUAL OF OBSTETRICS, 2ND ED. / _cSHAVER, DAVID C. |
| 700 | 1 | _aPHELAN, SHARON T.(EDIT.) | |
| 700 | 1 | _aBECKMANN, SHARLES R | |
| 700 | 1 | _aLING, FRANK W. | |
| 260 |
_a[S.N] : _bMC GRAW - HILL ، _c1993 |
||
| 300 | _a619 P | ||
| 650 | 0 | 4 | _aOBSTETRICS |
| 942 |
_2ddc _cBK |
||
| 999 |
_c20799 _d20799 |
||